Nba Quiz for Patrick - Statistics

General Stats
  • This quiz has been taken 11 times
  • The average score is 6 of 18
Answer Stats
Hint Answer % Correct
Who is the all-time leader in assists in Lakers Franchise history? Magic Johnson
100%
Which player won back to back MVPs with the suns but never won a ring, and was a terrible coach with the nets? Steve Nash
60%
Who was Kobe Bryant Drafted by? Hornets
50%
Where was CP3 almost traded before the trade was vetoed by the league? Lakers
50%
What is Russel Westbrooks Career high points in a single game? 58
40%
What player was involved in a scandal during the 1985 draft lottery where it was "rigged" with a frozen envelope to send this player to the Knicks? Patrick Ewing
40%
How many years have Steve Kerr's Warriors made the finals? Six
40%
What player who won no rings in the NBA, won a college National Champion for Syracuse and a gold medal for Team USA? Carmelo Anthony
30%
Who was the NBA Commissioner before Adam Silver? David Stern
30%
Who is Micheal Jordans lost son? Jimmy Butler
30%
What college has the mos NBA players produced with 107? Kentucky
30%
Who is Wilt Chamberlins lost son? Otto Porter?
30%
Which team lead the league in points per game this season? Bucks
20%
Who is the highest paid undrafted player in the NBA with a 85 million dollar contract? Fred Van Vleet
20%
For what team did Paul George have his season ending Knee injury and damaged his whole career? Team USA
20%
Who had 30 points out of nowhere in the bubble against the Rockets during a game 7 but tried to throw the ball at James Hardens legs and lost the game? Lu Dort
10%
Who was the league leader in 3 point percentage in the 2023 season? Luke Kennard
10%
For what player is Number 11 retired, for the wizards? Elvin Hays
0%
No matching quizzes found
Score Distribution
Percent of People with Each Score
Percentile by Number Answered
Your Score History
You have not taken this quiz